Nâng cấp hình ảnh với Photoshop 5

সংরক্ষণ করুন:
গ্রন্থ-পঞ্জীর বিবরন
প্রধান লেখক: Hoàng Minh Trung
বিন্যাস: গ্রন্থ
ভাষা:Undetermined
প্রকাশিত: Hà Nội Thống Kê 2000
বিষয়গুলি:
ট্যাগগুলো: ট্যাগ যুক্ত করুন
কোনো ট্যাগ নেই, প্রথমজন হিসাবে ট্যাগ করুন!
Thư viện lưu trữ: Trung tâm Học liệu Trường Đại học Cần Thơ
LEADER 00573nam a2200193Ia 4500
001 CTU_37575
008 210402s9999 xx 000 0 und d
020 |b 20.000đ 
082 |a 006.68 
082 |b Tr513 
100 |a Hoàng Minh Trung 
245 0 |a Nâng cấp hình ảnh với Photoshop 5 
245 0 |c Hoàng Minh Trung 
260 |a Hà Nội 
260 |b Thống Kê 
260 |c 2000 
650 |a application software,computer graphics - computer programs 
904 |i Minh, 000803 
980 |a Trung tâm Học liệu Trường Đại học Cần Thơ